000 00269nam a22000977a 4500
008 230607b |||||||| |||| 00| 0 eng d
020 _a9780545109671
100 _aStilton Geronimo
_97367
245 _aThea Stilton and the Dragon's Code
260 _aIndia
_bRepro India
_c2017
999 _c12308
_d12308